00296 a2200121 450000100060000002000150000608200150002110000280003624500510006426000280011530000140014350000170015792170 a9695038034 a891.55 BAR aBarq, Dr. Ghulam Gilani aDanish e Rumi o SaadicBarq, Dr. Ghulam Gilani aLahorebAl-Faisalc2012 a127p.bHb aGeneral Book